000 04849cam a2200601Ia 4500
003 PE-LiUPU
005 20250731173148.0
008 940302s1993 miu b 000 0 eng d
020 _a1883925002
_q(rústica)
020 _a9781883925000
_q(rústica)
035 _a(Sirsi) i9781883925000
040 _aEXN
_beng
_cEXN
_dUIU
_dBAKER
_dYDXCP
_dOCLCQ
_dOCLCF
_dMXL
_dOCLCO
040 _aPUCPR
_bspa
_cPUCPR
_dPUCPR
_dCKJAV
_dPE-LiUPU
_erda
049 _aPRUA
050 4 _aBX6109
_b.AU18 1993
082 0 4 _a226.306
_bSh48m
_220
082 0 4 _a286.73205
_bAUS
_221
100 1 _aShepherd, Tom.,
_eautor.
245 1 0 _aMarkan sandwich stories :
_bnarration, definition, and function /
_cby Tom Shepherd.
264 1 _aBerrien Springs, Mich. :
_bAndrews University Press,
_c1993.
300 _aviii, 428 páginas ;
_c23 centímetros.
336 _atext
_2rdacontent
337 _aunmediated
_2rdamedia
338 _avolume
_2rdacarrier
490 0 _aAndrews University Seminary doctoral dissertation series ;
_v18
500 _aOriginally presented as the author's thesis (doctoral)--Andrews University, Seventh-Day Adventist Theological Seminary, 1991.
504 _aBibliografía : páginas 393-428.
505 0 _aI. Introduction -- the problem -- literature review -- In relation to the definition of intercalation -- in relation to the function of intercalation -- with reference to issues in Markan theology -- justification for the study -- statement of thesis -- II. Research method -- the question of an appropriate method -- narrative analysis method -- settings -- characters -- actions and plot -- time -- narrator and implied reader -- style -- selection of passages -- an inductive approach -- objections to the proposed approach -- the six classic cases of intercalation -- Narrative data on six intercalations -- introduction -- Jesus' relatives and the Beelzebul controversy -- Mark 3:20-35 -- settings -- characters -- actions and plot -- time -- narrator and implied reader -- style -- summary of data for Mark 3:20-35 -- Jairus and the woman with the hemorrhage -- Mark 5:21-43 -- settings -- characters -- actions and plot -- time -- narrator and implied reader -- style -- summary of data for Mark 5:21-43 -- The mission of the twelve and the beheading of John the Baptist Mark 6:7-32 -- settings -- characters -- actions and plot -- time -- narrator and implied reader -- style -- summary of data for Mark 6:7-32 -- The cursing of the fig tree and the cleansing of the temple Mark 11:12-25 -- settings -- characters -- actions and plot -- time -- narrator and implied reader -- style -- summary of data for Mark 11:12-25 -- The passion plot and the anointing at Bethany Mark 14:1-11 -- settings -- characters -- actions and plot -- time -- narrator and implied reader -- style -- summary of data for Mark 14:1-11 -- Peter's denial and Jesus' trial Mark 14:53-72 -- settings -- characters -- actions and plot -- time -- narrator and implied reader -- style -- summary of data for Mark 14:53-72 -- IV. The definition and function of Markan intercalation -- introduction -- The definition of intercalation -- settings -- characters -- actions and plot -- time -- narrator and implied reader -- style -- The function of intercalation -- The implications of intercalation -- with reference to the intercalation debate -- with reference to textual criticism -- with reference to source criticism -- with reference to redaction criticism -- with reference to Markan theology -- V. Conclusion.
526 _aSEG42
526 _aSEG41
526 _aSEG40
526 _aSEG39
526 _aP94
526 _aP87
526 _aP86
526 _aP85
526 _aP77
526 _aP76
526 _aP35
630 0 0 _aBible.
_pMark
_xCriticism, interpretation, etc.
630 0 7 _aBible.
_pMark.
_2fast
_0(OCoLC)fst01892928
655 7 _aCriticism, interpretation, etc.
_2fast
_0(OCoLC)fst01411635
810 2 _aAndrews University.
_bSeventh-Day Adventist Theological Seminary.
_tDoctoral dissertation series ;
_vv. 18.
910 _alclll
_bjck
_clcll
_d20160726
942 _2ddc
_cBOOK
949 _a220.6 A 18
_wDEWEY
_c1
_i53375
_f2017-2-13
_g1
_lCCODEBUL1
_mBUL
_p10.00
_r0
_sY
_tBOOK
_u2015-6-24
_xTEOLOGIA
_PP35
_0COMPRA
_o.STAFF. Colección General
949 _aBS2585.2 .S54 1993
_wLC
_c1
_i66960
_lCIA
_mBWL
_p23.00
_r1
_sY
_tBOOK
_u2016-7-25
_xWHITE
_zUNKNOWN
_0COMPRA
_o.STAFF. Centro White
994 _aC0
_bPEPRUE
596 _a1 4
999 _a220.6 A 18
_wDEWEY
_c35342
_i53375
_f2021-11-9
_g5
_lCCODEBUL1
_mBUL
_p10.00
_r0
_sY
_tBOOK
_u2015-6-24
_xTEOLOGIA
_PP35
_0COMPRA
_o.STAFF. Colección General
_d35342
999 _a286.73205 AUS V18
_wLC
_c1
_iCW66960
_f2021-12-22
_g2
_lCCODECWL1
_mBWL
_p23.00
_r1
_sY
_tBOOK
_u2016-7-25
_xWHITE
_zUNKNOWN
_0COMPRA
_o.STAFF. Centro White
980 _81
_gALBERTO SANCHEZ Responsable de Automatización